| 000 | 00943nam a2200277 c 4500 | ||
|---|---|---|---|
| 003 | BLK | ||
| 005 | 20180421002855.0 | ||
| 008 | 180413b bul|rap|||||| |0| ||bulo| | ||
| 010 | _aPRD00007218000 | ||
| 040 | _aBLK | ||
| 041 |
_aBUL _cBUL |
||
| 080 |
_aКнига. Книгоиздание. Книгознание _b002.19 _x _z002.19 |
||
| 110 | 1 |
_aИзд. Лит. кръг Друм - Угърчин _9356062 |
|
| 245 | 1 | 0 |
_aДРУМ _c _fНачална год. на издаване: ян. 1946, |
| 257 | _aBGR | ||
| 260 |
_аУгърчин _bЛит. кръг Друм _c1946 _fЛовеч : Марийка К. Драголова |
||
| 310 |
_апериодичност: 0 _eсрок за съхранение: 99 |
||
| 380 | _a0 | ||
| 653 | _aвестници | ||
| 653 | _aписатели | ||
| 852 | _aЕ 16 | ||
| 856 |
_qpdf _u |
||
| 856 |
_qpdf _u |
||
| 942 |
_cSHE _n0 _s1 |
||
| 944 |
_aCR _cИвелин_Митев _k15.01.2003 |
||
| 944 |
_aED _c _k01.08.2013 |
||
| 999 |
_c256268 _d256268 |
||